000 00761nam a2200217Ia 4500
005 20241129105904.0
008 241129s9999||||xx |||||||||||||| ||und||
020 _a978-81-9475469-2-7
037 _aTB
040 _aARTS
_bpun
_cARTS
041 _apun
_2pun
084 _aO153,3NSOx R2
_qARTS
100 _aਸੋਢੀ, ਗੁਰਚਰਨ ਸਿੰਘ, ਚ।
245 0 _aਸੱਚੋ-ਸੱਚ
_cਸੋਢੀ, ਗੁਰਚਰਨ ਸਿੰਘ, ਚ।
260 _aਅੰਮ੍ਰਿਤਸਰ, ਭਾਰਤ
_bਅੰਮ੍ਰਿਤਸਰ ਆਜ਼ਾਦ ਬੁੱਕ ਡੀਪੂ
_c2022
300 _a160ਪ੍ਰ0
365 _aINR
_b200
650 _aPunjabi Fiction
_9179734
942 _cTB
_hO153,3NSOx R2
999 _c1226444
_d1226444